| 000 | 00903 a2200241 4500 | ||
|---|---|---|---|
| 003 | CBULib | ||
| 005 | 20240119080017.0 | ||
| 008 | 240116b |||||||| |||| 00| 0 eng d | ||
| 040 |
_cCBULib _bEnglish _erda |
||
| 041 | _aeng | ||
| 050 | _aCBU-PG THESIS/CHI | ||
| 100 |
_aChikanta, Eileen Muleya _91639 |
||
| 245 |
_aEvaluating the effectiveness of the student information system (SIS) in higher education institution - a case of the copperbelt university _c/ by Eileen Muleya Chikanta |
||
| 260 |
_bCopperbelt University, _c2022 _aKitwe : |
||
| 300 | _axiv, 115 pages :colour illustrations | ||
| 336 |
_2rdacontent _aText | _btxt |
||
| 337 |
_2rdamedia _aUnmediated | _bn |
||
| 338 |
_2rdacarrier _aVolume _bnc |
||
| 500 | _aIncludes bibliographical references and appendices | ||
| 650 | 0 |
_91800 _aSTUDENT INFORMATION SYSTEM (SIS) |
|
| 650 | 0 |
_91802 _aHIGER EDUCATION INSTITUTIONS |
|
| 942 |
_2lcc _c030 |
||
| 999 |
_c84061 _d84061 |
||